| 000 | 01742nam a2200397 c 4500 | ||
|---|---|---|---|
| 003 | BLK | ||
| 005 | 20250219163918.0 | ||
| 008 | 180409b bul|||||r ||||||| ||bul|| | ||
| 010 | _aKNG00148060000 | ||
| 040 | _aBLK | ||
| 041 |
_aBUL _cBUL |
||
| 080 |
_aБългарска литература _b821.163.2 _x-93-32 _z821.163.2-93-32 |
||
| 100 | 1 |
_aСтанишев, Кръстьо Иванов _eпърви автор _9363967 |
|
| 700 | 1 |
_aПоплилов, Александър Йончев _eнарис. _9379349 |
|
| 139 |
_aСтанишев, Кръстьо Иванов _bС 69 |
||
| 245 | 1 | 0 |
_aСолунските братя _bИст. разказ за деца _cКръстьо Иванов Станишев; нарис. Александър Йончев Поплилов. |
| 257 | _aBGR | ||
| 260 |
_аСофия _bНаука и изкуство _c1975 |
||
| 300 |
_a32 с. _bс ил. _c29 см |
||
| 380 | _aDX | ||
| 490 | 1 | _aБиблиотека България - древна и млада | |
| 500 | _a150 114 тир. | ||
| 600 | 1 | 4 |
_aКонстантин Кирил Философ _9245770 |
| 600 | 0 |
_aМетодий, слав. първоучител _9251014 |
|
| 653 | _aдетска литература | ||
| 653 | _aлитература за деца | ||
| 653 | _aКирил, славянски първоучител | ||
| 653 | _aМетодий, славянски първоучител | ||
| 653 | _aКонстантин Кирил Философ | ||
| 852 | _aЦб ІІ 18716 | ||
| 856 | 4 |
_qpdf _u |
|
| 856 | 4 |
_qpdf _u |
|
| 942 |
_cKNG _n0 |
||
| 944 |
_aCR _c01.08.2013 _lГеновева Генчева _k30560 |
||
| 944 |
_aED _c15.09.2017 _lф / 01.08.2013 _kХристина_Везирева |
||
| 999 |
_c141984 _d141984 |
||